书目信息 |
| 题名: |
影视片头特效篇(4)(配盘)
|
|
| 作者: | 孙鹏 , 李威 编著 | |
| 分册: | ||
| 出版信息: | 北京 北京大学出版社 2001.8 |
|
| 页数: | 346页 | |
| 开本: | 26cm | |
| 丛书名: | ||
| 单 册: | ||
| 中图分类: | TP391.41 | |
| 科图分类: | ||
| 主题词: | 计算机应用 | |
| 电子资源: | ||
| ISBN: | 7-900636-10-2 | |
| 000 | 00619nam0 2200205 45 | |
| 001 | 0260778447 | |
| 005 | 2002051716525791 | |
| 010 | @a7-900636-10-2@dRMB 39.00 | |
| 100 | @a20020517d2001 km y0chiy0120 ea | |
| 101 | 0 | @achi |
| 102 | @aCN@b110000 | |
| 200 | 1 | @a影视片头特效篇(4)(配盘)@AYing Shi Pian Tou Te Xiao Pian(4)(Pei Pan)@f孙鹏,李威编著@FSun Peng,Li Wei Bian Zhu |
| 210 | @a北京@c北京大学出版社@d2001.8 | |
| 215 | @a346页@d26cm | |
| 606 | 0 | @a计算机应用 |
| 690 | @aTP391.41@v3 | |
| 701 | 0 | @a孙鹏@ASun Peng@4编著 |
| 701 | 0 | @a李威@ALi Wei@4编著 |
| 801 | 0 | @aCN@bPFT@c20020517 |
| 905 | @a安徽大学@dTP391.41@eS932 | |
| 影视片头特效篇(4)(配盘)/孙鹏,李威编著.-北京:北京大学出版社,2001.8 |
| 346页;26cm |
| ISBN 7-900636-10-2:RMB 39.00 |
| ● |
| 相关链接 |
|
|
|
正题名:影视片头特效篇(4)(配盘)
索取号:TP391.41/S932
 
预约/预借
| 序号 | 登录号 | 条形码 | 馆藏地/架位号 | 状态 | 备注 |
| 1 | 354597 | 203545976 | 自科库301/ [索取号:TP391.41/S932] | 在馆 | |
| 2 | 354598 | 203545985 | 自科库301/301自科库 67排6列3层/ [索取号:TP391.41/S932] | 在馆 |